Top 20 SEC college basketball players 2026 - Statistics

General Stats
  • This quiz has been taken 46 times
  • The average score is 11 of 20
Answer Stats
Team Answer % Correct
Arkansas Darius Acuff Jr.
100%
Florida Thomas Haugh
86%
Vanderbilt Tyler Tanner
86%
Florida Xavien Lee
81%
Alabama Labaron Philon Jr.
76%
Tennessee Nate Ament
76%
Florida Alex Condon
73%
Florida Boogie Fland
70%
Arkansas Meleek Thomas
59%
Kentucky Otega Oweh
59%
Alabama Aden Holloway
57%
Mississippi State Josh Hubbard
51%
Florida Reuben Chinyelu
49%
Texas Dailyn Swain
43%
Arkansas Billy Richmond
41%
Missouri Mark Mitchell
41%
Arkansas Trevon Brazile
41%
Vanderbilt Duke Miles
22%
Ole Miss Malik Dia
8%
Tennessee Ja'Kobi Gillespe
5%
No matching quizzes found
Score Distribution
Percent of People with Each Score
Percentile by Number Answered
Your Score History
You have not taken this quiz